00788nam a2200205 a 4500001001000000005001700010008004100027020001500068040001800083050002300101100003200124245011200156260011400268300003800382500003200420504003200452650002700484650004600511700002500557BRCA_113920190320203310.0920505s1992 caua---##b---#001-0#eng-# a0826314082 aDLCcDLCdDLC 4aN6502.2b.P35 19921 aPalmer, Gabrielle G.d1938-10aCambiosbthe spirit of transformation in Spanish colonial artcessays by Gabrielle Palmer and Donna Pierce. a[Santa Barbara, Calif.]bSanta Barbara Museum of Art in cooperation with University of New Mexico Pressc1992 a149 p.bil. mapas a colorc29 cm. aIncluye índice alfabetico aBibliografía : p. 145-14714aArte, América Latina14aArte colonial españolzAmérica Latina1 aPierce, Donnad1950-